000 00577nam a2200193Ia 4500
003 OSt
005 20200911122601.0
008 190216s9999||||xx |||||||||||||| ||und||
020 _a9780070483989
040 _coclc
082 _a621.382
_bFRE/C
100 _aFrenzel, Louis E
_94547
245 0 _aCommunication Electronics:
_bPrinciples and Applications /
_cLouis E Frenzel
250 _a3rd Ed.
260 _bMcgraw -hill Publishing,
_aNew Delhi:
_c2006.
300 _a532p
650 _aPhysics
942 _cBK
_2ddc
_h621.382
_iFRE/C
_k621.382
_mFRE/C
999 _c34036
_d34036